00904nam a22002295i 450000100060000000300090000600500170001500700030003200800410003508000190007610000290009524500710012426000440019530000370023949000400027683000480031685200220036485200210038699900170040795201250042495201250054948733ES-MaACL20230906161816.0t|950727s1842 gw ||||1| eng d a821.111-31"18"1 aDickens, Charles.94448914aThe posthumous papers of the Pickwick Club / cby Charles Dickens. aLeipzig : bBernhard Tauchnitz, c1842. a1 v., [1] h. de lám ; c16 cm.1 aCollection of British authors ; v21 aCollection of British authors ; v291807034 aES-MaACLjG-124274 aES-MaACLjD-3799 c48733d48733 001040708LIBXIXaATENEOMbATENEOMcSVId2008-01-17eSCl0oD-3799p901051286r2023-02-23 00:00:00w2023-02-23yMONANT 001040708LIBXIXaATENEOMbATENEOMcSPP3d2008-01-17eSCl0oG-12427p1051285r2023-02-23 00:00:00w2023-02-23yMONANT